00286nam a2200121Ia 4500008004100000100002300041245004400064260001200108260001100120260000900131300000700140650001700147160226s9999 xx 000 0 und d10aAmarasinghe D.S.D. aAntioxidants from Fruits and Vegetables aColombo bIchemc c2015 a32 aAntioxidants